| 000 | 00602nam a2200193Ia 4500 | ||
|---|---|---|---|
| 003 | GCL | ||
| 008 | 140319s9999 xx 000 0 ara d | ||
| 040 |
_aGCL / _cGCL |
||
| 082 | 0 | 4 |
_a219.3 _bف ا |
| 100 | 1 | _aفهمى هويدى | |
| 245 | 1 | 0 |
_aالاسلام والديمقراطية / _cفهمى هويدى |
| 260 |
_a[S.N] : _bمركز الاهرام للترجمة والنشر ، _c1993 |
||
| 300 | _a279 ص | ||
| 490 | _a | ||
| 650 | 0 | 4 | _aالاسلام |
| 650 | 0 | 4 | _aالاسلام والاصلاح السياسى |
| 650 | 0 | 4 | _aحركات الاصلاح والتجديد |
| 942 |
_2ddc _cBK |
||
| 999 |
_c55721 _d55721 |
||